[Event "62. BEM 2008"]
[Site "Dortmund"]
[Date "2008.02.18"]
[Round "1.16"]
[White "Grube, Jörg"]
[Black "Strotmann, Dieter"]
[Result "1-0"]
[WhiteElo "1695"]
[BlackElo "1326"]
[PlyCount "49"]
[EventDate "2008.??.??"]
[Source "SG Dortmund"]
[SourceDate "2004.12.16"]

1. e4 e6 2. d3 b6 3. f4 Bb7 4. Be3 d5 5. Nd2 Nd7 6. g3 c5 7. Bg2 Ne7 8. Ngf3 d4
9. Bf2 g6 10. Qe2 Bg7 11. h3 O-O 12. g4 f5 13. Ng5 Qb8 14. Nxe6 Re8 15. O-O-O
Nc6 16. gxf5 gxf5 17. exf5 Nb4 18. Bxb7 Qxb7 19. Rhg1 Nf6 20. Rxg7+ Qxg7 21.
Rg1 Qxg1+ 22. Bxg1 Kh8 23. Ne4 Nxe4 24. Qxe4 Rg8 25. Qe5+ 1-0

[Event "62. BEM 2008"]
[Site "Dortmund"]
[Date "2008.02.18"]
[Round "1.17"]
[White "Pachura, Karl-Heinz"]
[Black "Hlopotov, Oleg"]
[Result "0-1"]
[WhiteElo "1305"]
[BlackElo "1679"]
[PlyCount "110"]
[EventDate "2008.??.??"]
[Source "SG Dortmund"]
[SourceDate "2004.12.16"]

1. e4 c5 2. Nc3 e6 3. g3 Nc6 4. Bg2 Nf6 5. d3 Be7 6. f4 d5 7. h3 d4 8. Nce2 e5
9. Nf3 Bd6 10. fxe5 Nxe5 11. Nxe5 Bxe5 12. Nf4 Qc7 13. b3 g5 14. Nd5 Bxg3+ 15.
Kf1 Nxd5 16. exd5 Qe7 17. Qe2 Qxe2+ 18. Kxe2 h6 19. Kf3 Bh4 20. Bf1 Bd7 21. Bd2
O-O-O 22. c4 Rde8 23. a3 f5 24. b4 b6 25. bxc5 bxc5 26. Rb1 h5 27. Rh2 f4 28.
Rh1 g4+ 29. hxg4 hxg4+ 30. Kg2 f3+ 31. Kg1 g3 32. Bf4 Bf5 33. Rb8+ Kd7 34. Rxe8
Kxe8 35. Bxg3 Rg8 36. Rxh4 Rxg3+ 37. Kf2 Rg6 38. Rh8+ Kd7 39. Rh7+ Kc8 40. Rxa7
Bg4 41. Ra5 Rb6 42. Rxc5+ Kd8 43. Rb5 Ra6 44. Rb3 Ra5 45. Kg3 Bh5 46. Kf4 Ra7
47. Ke5 Re7+ 48. Kxd4 Re1 49. Bh3 Rh1 50. Bf5 Ke7 51. Rb2 Re1 52. Be4 Re2 53.
Rb7+ Ke8 54. Bxf3 Bxf3 55. d6 Bxb7 0-1

[Event "62. BEM 2008"]
[Site "Dortmund"]
[Date "2008.02.18"]
[Round "1.18"]
[White "Ziemek, Siegfried"]
[Black "Hugenroth, Andreas"]
[Result "0-1"]
[WhiteElo "1671"]
[BlackElo "1267"]
[PlyCount "83"]
[EventDate "2008.??.??"]
[Source "SG Dortmund"]
[SourceDate "2004.12.16"]

1. e4 e5 2. Nf3 d6 3. d4 exd4 4. Bc4 Be6 5. Qxd4 Nc6 6. Bb5 Qd7 7. Qa4 Nge7 8.
O-O a6 9. Rd1 O-O-O 10. Bxa6 bxa6 11. Qxa6+ Kb8 12. Be3 Qc8 13. Qa4 Qb7 14. c4
Qa8 15. Qc2 g6 16. Rd3 Kc8 17. Ra3 Qb7 18. Rb3 Qa6 19. Nbd2 Kd7 20. Ra3 Qb7 21.
c5 Bg7 22. e5 dxe5 23. Rd3+ Kc8 24. Ra3 e4 25. Nxe4 Qxb2 26. Ra8+ Kd7 27. Rd1+
Bd5 28. Rxd8+ Rxd8 29. Qa4 Ke8 30. Bc1 Qxa2 31. Qxa2 Bxa2 32. Re1 f5 33. Ned2
Bc3 34. h3 Nd4 35. Re3 Nxf3+ 36. Rxf3 Bxd2 37. Bb2 Rd5 38. Ba3 Bc4 39. Bb2 Rd3
40. Rxd3 Bxd3 41. Be5 c6 42. Bd4 0-1

[Event "62. BEM 2008"]
[Site "Dortmund"]
[Date "2008.02.18"]
[Round "1.19"]
[White "Wodzinski, Kristin"]
[Black "Reschop, Romano"]
[Result "0-1"]
[WhiteElo "1259"]
[BlackElo "1670"]
[PlyCount "130"]
[EventDate "2008.??.??"]
[Source "SG Dortmund"]
[SourceDate "2004.12.16"]

1. d4 d5 2. c4 c6 3. Nc3 Nf6 4. Bg5 e6 5. e3 Nbd7 6. Nf3 Qa5 7. cxd5 Nxd5 8.
Rc1 Bb4 9. Qc2 Qxa2 10. Bd3 Nxc3 11. bxc3 Qxc2 12. Rxc2 Bd6 13. O-O h6 14. Bh4
O-O 15. e4 Re8 16. e5 Bc7 17. Re1 c5 18. Bb5 a6 19. Ra1 Rb8 20. Bd3 b5 21. Nd2
Bb7 22. f4 cxd4 23. cxd4 Bb6 24. Bf2 Rbc8 25. Rac1 Rxc2 26. Rxc2 f5 27. Nb3 Rc8
28. Nc5 Nxc5 29. dxc5 Ba7 30. Rc3 Kf8 31. Bc2 Rd8 32. Kf1 Bd5 33. Ra3 Bc4+ 34.
Ke1 b4 35. Ra4 Rc8 36. Rxb4 Bxc5 37. Bxc5+ Rxc5 38. Kd2 Bb5 39. Bb3 Ke7 40. Ke3
Rc6 41. Kd4 Rc1 42. g3 Rh1 43. Bc4 Rd1+ 44. Kc5 Rc1 45. Kd4 Rxc4+ 46. Rxc4 Bxc4
47. Kxc4 Kd7 48. Kc5 Kc7 49. h3 h5 50. Kb4 Kc6 51. Ka5 Kd5 52. Kxa6 h4 53. gxh4
Ke4 54. Kb6 Kxf4 55. Kc6 Kxe5 56. Kd7 f4 57. Ke7 g6 58. Kf7 Kf5 59. Ke7 f3 60.
Kf7 f2 61. Ke7 f1=Q 62. Kf7 Qa6 63. Kg7 Qb7+ 64. Kh6 Kf6 65. h5 Qg7# 0-1

[Event "62. BEM 2008"]
[Site "Dortmund"]
[Date "2008.02.18"]
[Round "1.20"]
[White "Ewers, Christian"]
[Black "Schaefer, Ulrich"]
[Result "1-0"]
[WhiteElo "1668"]
[BlackElo "1259"]
[PlyCount "69"]
[EventDate "2008.??.??"]
[Source "SG Dortmund"]
[SourceDate "2004.12.16"]

1. c4 e5 2. g3 Nf6 3. Bg2 d5 4. cxd5 Nxd5 5. Nf3 e4 6. Qa4+ Bd7 7. Qxe4+ Be6 8.
Nc3 Nc6 9. Nxd5 Qxd5 10. Qxd5 Bxd5 11. Nh4 Bxg2 12. Nxg2 Bc5 13. O-O O-O-O 14.
Rb1 Rhe8 15. e3 g5 16. d4 Bd6 17. Bd2 g4 18. b4 a6 19. a4 b5 20. axb5 axb5 21.
Rfc1 Kd7 22. Ne1 h5 23. Nd3 h4 24. Nc5+ Ke7 25. Nb7 Rb8 26. Nxd6 Kxd6 27. Rc5
Ne7 28. e4 hxg3 29. fxg3 f6 30. Bf4+ Ke6 31. Rxc7 Rec8 32. Rbc1 Rxc7 33. d5+
Kf7 34. Rxc7 Ra8 35. d6 1-0

[Event "62. BEM 2008"]
[Site "Dortmund"]
[Date "2008.02.18"]
[Round "1.21"]
[White "Siwy, Boguslaw"]
[Black "Watzlawek, Volker"]
[Result "1/2-1/2"]
[WhiteElo "1253"]
[BlackElo "1661"]
[PlyCount "65"]
[EventDate "2008.??.??"]
[Source "SG Dortmund"]
[SourceDate "2004.12.16"]

1. e4 e6 2. d4 d5 3. e5 c5 4. c3 Qb6 5. Nf3 Nc6 6. Bd3 Bd7 7. O-O cxd4 8. cxd4
Nxd4 9. Nxd4 Qxd4 10. Nc3 a6 11. Re1 Ne7 12. Qf3 Ng6 13. Bxg6 hxg6 14. Bg5 Qb4
15. Rad1 Be7 16. Bxe7 Kxe7 17. Rxd5 Bc6 18. Re4 Qxb2 19. Nd1 Qb1 20. Qa3+ Ke8
21. Rb4 Qxb4 22. Qxb4 Bxd5 23. Ne3 Rd8 24. h3 Rd7 25. a4 f6 26. Nxd5 exd5 27.
e6 Re7 28. Qd6 Kf8 29. Qd8+ Re8 30. Qxd5 b5 31. axb5 axb5 32. Kh2 Rh5 33. Qd7
1/2-1/2

[Event "62. BEM 2008"]
[Site "Dortmund"]
[Date "2008.02.18"]
[Round "1.22"]
[White "Duschek, Günter"]
[Black "Hast, Stefan"]
[Result "1-0"]
[WhiteElo "1646"]
[BlackElo "1235"]
[PlyCount "35"]
[EventDate "2008.??.??"]
[Source "SG Dortmund"]
[SourceDate "2004.12.16"]

1. d4 Nf6 2. Nf3 g6 3. Bf4 Bg7 4. c3 O-O 5. Nbd2 d5 6. e3 Bf5 7. Be2 a6 8. Qb3
Qc8 9. h3 e6 10. Ne5 g5 11. Bxg5 Ne4 12. Bf4 Nxd2 13. Kxd2 Bg6 14. h4 h6 15. h5
Bh7 16. g4 Nc6 17. g5 f6 18. Nxc6 1-0

[Event "62. BEM 2008"]
[Site "Dortmund"]
[Date "2008.02.18"]
[Round "1.23"]
[White "Schoppe, Hans-Werner"]
[Black "Ziemek, Gerhard"]
[Result "0-1"]
[WhiteElo "1222"]
[BlackElo "1641"]
[PlyCount "95"]
[EventDate "2008.??.??"]
[Source "SG Dortmund"]
[SourceDate "2004.12.16"]

1. d4 d5 2. Bf4 Nf6 3. h3 g6 4. e3 Bg7 5. c4 c5 6. Nf3 O-O 7. cxd5 Nxd5 8. Bxb8
Rxb8 9. Bc4 Nb4 10. Na3 Qa5 11. O-O Rd8 12. Qb3 e6 13. Rfd1 Bd7 14. Rd2 b5 15.
Be2 c4 16. Qc3 Bf8 17. Nc2 Nc6 18. Qxa5 Nxa5 19. Ne5 Be8 20. Bf3 Bd6 21. Ng4
Kg7 22. g3 h5 23. Nh2 b4 24. Ne1 Bb5 25. Rb1 a6 26. Bd1 Be7 27. Nhf3 c3 28.
bxc3 Nc4 29. Rc2 Na3 30. Rb3 Nxc2 31. Bxc2 Ba4 32. Rb1 Bxc2 33. Nxc2 bxc3 34.
Rxb8 Rxb8 35. Nfe1 Rb2 36. a3 Ra2 37. f4 Bxa3 38. Kf2 Bc1 39. Ke2 Bd2 40. Kd3
a5 41. Nf3 a4 42. Nxd2 cxd2 43. Kxd2 Rb2 44. Kc1 Rb3 45. Kd2 a3 46. Na1 Rb2+
47. Nc2 a2 48. Kc3 0-1

[Event "62. BEM 2008"]
[Site "Dortmund"]
[Date "2008.02.18"]
[Round "1.24"]
[White "Krüger, Georg"]
[Black "Kiauka, Richard"]
[Result "1-0"]
[WhiteElo "1638"]
[BlackElo "1182"]
[PlyCount "55"]
[EventDate "2008.??.??"]
[Source "SG Dortmund"]
[SourceDate "2004.12.16"]

1. Nf3 d5 2. d4 h6 3. c4 dxc4 4. g3 Bf5 5. Bg2 e6 6. Qa4+ Nc6 7. Ne5 Bb4+ 8.
Nc3 Bxc3+ 9. bxc3 Nge7 10. Ba3 f6 11. Bxe7 Kxe7 12. Nxc6+ bxc6 13. Qxc6 Rb8 14.
Qxc4 Rb2 15. O-O Qd6 16. e4 Bg6 17. Rfe1 e5 18. a4 Rhb8 19. Qd3 Qb6 20. a5 Qb3
21. Bh3 Be8 22. dxe5 Bb5 23. exf6+ gxf6 24. Qd4 a6 25. e5 Rd8 26. exf6+ Kf7 27.
Re7+ Kg6 28. Rg7+ 1-0

[Event "62. BEM 2008"]
[Site "Dortmund"]
[Date "2008.02.18"]
[Round "1.26"]
[White "Benke, Werner"]
[Black "Fahle, Karl-Wilhelm"]
[Result "0-1"]
[WhiteElo "1632"]
[BlackElo "1166"]
[PlyCount "120"]
[EventDate "2008.??.??"]
[Source "SG Dortmund"]
[SourceDate "2004.12.16"]

1. e4 e5 2. Nf3 Nf6 3. Nxe5 d6 4. Nf3 Nxe4 5. Bc4 Be7 6. O-O Be6 7. Qe2 d5 8.
Bb3 Nd7 9. c3 O-O 10. d4 c5 11. Bc2 f5 12. Bf4 c4 13. Ne5 Nxe5 14. Bxe5 Bf6 15.
f4 Bxe5 16. dxe5 Qb6+ 17. Kh1 Qxb2 18. Re1 Qxa1 19. Bxe4 fxe4 20. Qd2 Rad8 21.
Na3 Qxe1+ 22. Qxe1 Rxf4 23. Nb5 Rdf8 24. Kg1 e3 25. g3 Rf2 26. Qxe3 Rxa2 27.
Nd4 Bh3 28. Nf3 Ra1+ 29. Kf2 Rg1 $4 {
Dieser Zug ist kein Erfassungsfehler, sondern wurde tatsaechlich gespielt!} 30.
Qd4 $4 Rf1+ 31. Ke2 R8xf3 32. Qxd5+ Rf7 33. e6 Bg4+ 34. Ke3 Re1+ 35. Kd4 Bxe6
36. Qd8+ Rf8 37. Qe7 b6 38. Qg5 Rd1+ 39. Ke3 Rd3+ 40. Ke2 Bd5 41. Ke1 Bg2 42.
Qe5 Bf3 43. Qe6+ Kh8 44. Qe7 Rdd8 45. Qxa7 Rfe8+ 46. Kf2 Bg4 47. Qa2 b5 48. h3
Bxh3 49. g4 Rf8+ 50. Kg3 Rd3+ 51. Kh4 g5+ 52. Kh5 Rg8 53. Qe2 Rd5 54. Qf3 Bxg4+
55. Qxg4 h6 56. Qe6 g4+ 57. Qxd5 Rg5+ 58. Qxg5 hxg5 59. Kxg4 b4 60. cxb4 c3 0-1

[Event "62. BEM 2008"]
[Site "Dortmund"]
[Date "2008.02.18"]
[Round "1.27"]
[White "Dirks, Rainer"]
[Black "Salifoski, Ramazan"]
[Result "0-1"]
[WhiteElo "1155"]
[BlackElo "1625"]
[PlyCount "42"]
[EventDate "2008.??.??"]
[Source "SG Dortmund"]
[SourceDate "2004.12.16"]

1. e4 c5 2. Nf3 d6 3. Nc3 a6 4. Be2 Nf6 5. O-O e6 6. e5 Ng4 7. d4 dxe5 8. dxe5
Qc7 9. Bf4 Nc6 10. Re1 Ngxe5 11. Bxe5 Nxe5 12. Nxe5 Bd6 13. Nf3 O-O 14. Qd3 Rd8
15. Qe4 f5 16. Qh4 Be7 17. Qg3 f4 18. Qh3 b5 19. Bd3 g6 20. Ne4 Rd5 21. c4 Rh5
0-1

[Event "62. BEM 2008"]
[Site "Dortmund"]
[Date "2008.02.18"]
[Round "1.28"]
[White "Stepke, Horst P"]
[Black "Griese, Andreas"]
[Result "1-0"]
[WhiteElo "1608"]
[BlackElo "1083"]
[PlyCount "53"]
[EventDate "2008.??.??"]
[Source "SG Dortmund"]
[SourceDate "2004.12.16"]

1. e4 c6 2. d4 d5 3. Nc3 e6 4. Nf3 Be7 5. e5 Nd7 6. Bd3 f5 7. O-O g6 8. a3 h5
9. Bd2 h4 10. h3 Nf8 11. Qc1 Nh7 12. Bh6 g5 13. Bg7 g4 14. hxg4 Ng5 15. Bxh8
Nxf3+ 16. gxf3 Bg5 17. f4 Bh6 18. g5 Kf7 19. Qd1 Kg6 20. gxh6 Nxh6 21. Bf6 Qg8
22. Kh1 Ng4 23. Qxg4+ Kf7 24. Qxg8+ Kxg8 25. Rg1+ Kf7 26. Rg7+ Ke8 27. Rag1 1-0

[Event "62. BEM 2008"]
[Site "Dortmund"]
[Date "2008.02.18"]
[Round "1.29"]
[White "Rabe, Mark"]
[Black "Clausen, Dirk"]
[Result "0-1"]
[WhiteElo "931"]
[BlackElo "1603"]
[PlyCount "53"]
[EventDate "2008.??.??"]
[Source "SG Dortmund"]
[SourceDate "2004.12.16"]

1. d4 d5 2. e3 Nc6 3. Bd3 Nf6 4. Ne2 e5 5. O-O Bg4 6. Qd2 Bd6 7. c4 O-O 8. c5
Be7 9. Ng3 exd4 10. exd4 b6 11. Bb5 Na5 12. b4 Nc4 13. Bxc4 dxc4 14. Nc3 a5 15.
b5 bxc5 16. d5 Bd6 17. Nge4 Re8 18. Re1 Nxe4 19. Rxe4 Qd7 20. h3 Bf5 21. Rh4
Qe7 22. Qe3 Qxh4 23. Qd2 Bxh3 24. g3 Bxg3 25. fxg3 Qxg3+ 26. Kh1 Re1+ 27. Qxe1
0-1

[Event "62. BEM 2008"]
[Site "Dortmund"]
[Date "2008.02.19"]
[Round "2.1"]
[White "Lindam, Ingo"]
[Black "Reschop, Romano"]
[Result "1-0"]
[WhiteElo "2070"]
[BlackElo "1670"]
[Annotator "Lindam,Ingo"]
[PlyCount "37"]
[EventDate "2008.??.??"]
[Source "SG Dortmund"]
[SourceDate "2004.12.16"]

1. d4 d5 2. Nf3 Nf6 3. Bf4 c5 4. e3 Nc6 5. c4 e6 6. Nc3 a6 7. Rc1 Qa5 8. Be2
dxc4 9. O-O Nd5 $1 10. Nxd5 exd5 11. e4 $1 dxe4 12. d5 $1 $16 exf3 (12... Nb4
13. Re1 $16) 13. dxc6 b5 $2 (13... fxe2 14. Qxe2+ Be7 15. Rfe1 Be6 $8 (15...
O-O $2 16. Qxe7 Be6 (16... bxc6 $4 17. Qxf8+ Kxf8 18. Bd6+ Kg8 19. Re8#) 17.
cxb7 Rae8 18. Qc7 $18) 16. cxb7 Rd8 17. b8=Q Rxb8 18. Bxb8 $16) 14. Bxf3 $18 (
14. c7 $1 $18 Be7 (14... fxe2 $4 15. Qd8#) 15. Bxf3 $18) 14... Be7 (14... Ra7
15. Re1+ Re7 16. c7 Rxe1+ 17. Qxe1+ Qxe1+ 18. Rxe1+ Kd7 19. Bg4+ $18) 15. c7
Ra7 16. Bc6+ Kf8 17. Re1 g5 (17... Be6 18. Rxe6 $18) (17... Rxc7 18. Qd8+ Bxd8
19. Re8#) 18. Rxe7 Kg7 19. Qh5 1-0

[Event "62. BEM 2008"]
[Site "Dortmund"]
[Date "2008.02.19"]
[Round "2.2"]
[White "Ziemek, Gerhard"]
[Black "Zelt, Jens"]
[Result "1/2-1/2"]
[WhiteElo "1628"]
[BlackElo "1982"]
[PlyCount "93"]
[EventDate "2008.??.??"]
[Source "SG Dortmund"]
[SourceDate "2004.12.16"]

1. d4 f5 2. Nc3 g6 3. e4 fxe4 4. Nxe4 Bg7 5. Nf3 Nf6 6. Bd3 O-O 7. O-O b6 8. c4
Bb7 9. d5 c6 10. d6 c5 11. Nxf6+ Bxf6 12. Ng5 Rf7 13. Nxf7 Kxf7 14. dxe7 Qxe7
15. Bf4 Bxb2 16. Rb1 Qf6 17. Qg4 Bc3 18. Bxb8 Rxb8 19. Qxd7+ Qe7 20. Qh3 Bg7
21. Rbe1 Qd6 22. Re3 Kg8 23. Rfe1 Rf8 24. Re7 Bc8 25. Qg3 Qxg3 26. hxg3 Bd4 27.
R1e2 Bg4 28. Rc2 a5 29. Kf1 Rd8 30. Be2 Bf5 31. Rc1 h5 32. Bf3 Kf8 33. Rb7 Bd3+
34. Kg1 Rd6 35. Bd5 Rf6 36. Kh2 Bxf2 37. Rc3 Be2 38. Rb3 Bd4 39. R3xb6 Rf1 40.
Ra6 Bg1+ 41. Kh3 Bg4+ 42. Kh4 g5+ 43. Kxg5 Be3+ 44. Kg6 Bf5+ 45. Kf6 Bd4+ 46.
Kg5 Be3+ 47. Kf6 1/2-1/2

[Event "62. BEM 2008"]
[Site "Dortmund"]
[Date "2008.02.19"]
[Round "2.3"]
[White "Begna, Bozidar"]
[Black "Ewers, Christian"]
[Result "1-0"]
[WhiteElo "1955"]
[BlackElo "1668"]
[PlyCount "52"]
[EventDate "2008.??.??"]
[Source "SG Dortmund"]
[SourceDate "2004.12.16"]

1. e4 Nc6 2. Nf3 d6 3. d4 a6 4. Bc4 Nf6 5. Qe2 Bg4 6. c3 e6 7. Bg5 Be7 8. Nbd2
Bxf3 9. Nxf3 Nxe4 10. Bxe7 Nxe7 11. Bxe6 d5 12. Bh3 O-O 13. O-O g5 14. Ne5 Ng6
15. Bf5 Nf4 16. Qd1 Nd6 17. Bc2 f6 18. Nd3 Nxd3 19. Qxd3 f5 20. Rfe1 Qf6 21.
Re5 g4 22. Rae1 Rae8 23. Rxe8 Nxe8 24. Re5 Qh6 25. Qd1 Nd6 26. Rxd5 Kh8 1-0

[Event "62. BEM 2008"]
[Site "Dortmund"]
[Date "2008.02.19"]
[Round "2.4"]
[White "Salifoski, Ramazan"]
[Black "Borjini, Mohamed"]
[Result "0-1"]
[WhiteElo "1625"]
[BlackElo "1933"]
[PlyCount "91"]
[EventDate "2008.??.??"]
[Source "SG Dortmund"]
[SourceDate "2004.12.16"]

1. e4 e6 2. d4 d5 3. Nd2 Nf6 4. Bd3 c5 5. c3 cxd4 6. cxd4 Nc6 7. e5 Nd7 8. Nb3
Qb6 9. Nf3 f6 10. exf6 Nxf6 11. O-O Bd6 12. Re1 O-O 13. h3 Bd7 14. Bg5 Rae8 15.
Ne5 Bxe5 16. dxe5 Ne4 17. Be3 Qc7 18. f4 Nb4 19. Rc1 Bc6 20. Bxe4 dxe4 21. Bc5
Nd3 22. Bxf8 Rxf8 23. Rxc6 Qxc6 24. Rf1 Qb6+ 25. Kh2 Nxf4 26. Qd6 Qxd6 27. exd6
Nd3 28. Nd4 Rxf1 29. d7 Rf8 30. Nxe6 Rb8 31. Kg1 e3 32. Kf1 e2+ 33. Kxe2 Nf4+
34. Nxf4 Rd8 35. Nd3 Rxd7 36. Ke3 Re7+ 37. Kf4 Re2 38. g3 Kf7 39. a3 Ke6 40.
Kf3 Rc2 41. Ke4 g5 42. h4 h6 43. b3 b6 44. hxg5 hxg5 45. a4 a5 46. Ne1 0-1

[Event "62. BEM 2008"]
[Site "Dortmund"]
[Date "2008.02.19"]
[Round "2.5"]
[White "Kropp, Andreas"]
[Black "Duschek, Günter"]
[Result "1-0"]
[WhiteElo "1918"]
[BlackElo "1658"]
[PlyCount "119"]
[EventDate "2008.??.??"]
[Source "SG Dortmund"]
[SourceDate "2004.12.16"]

1. Nf3 d5 2. d4 Bf5 3. c4 c6 4. Qb3 Qb6 5. cxd5 Qxb3 6. axb3 cxd5 7. Nc3 e6 8.
Nb5 Bb4+ 9. Bd2 Bxd2+ 10. Kxd2 Kd8 11. Ne5 Nh6 12. Nxa7 Na6 13. Nb5 f6 14. Nf3
Ng4 15. Ke1 h5 16. e3 Ke7 17. h3 Nh6 18. Kd2 Nb4 19. Be2 Rhc8 20. Rxa8 Rxa8 21.
Rc1 Nc6 22. Ne1 h4 23. Nd3 Bxd3 24. Bxd3 Nf7 25. Nc3 Nd6 26. Na4 f5 27. Nc5 Na5
28. Bc2 b6 29. Nd3 Ne4+ 30. Kd1 g5 31. Ra1 Rc8 32. f3 Nf6 33. Ne5 Nd7 34. Nxd7
Kxd7 35. Ra3 Nc6 36. Bd3 Kd6 37. Kd2 Na5 38. Bb5 Rb8 39. b4 Nc4+ 40. Bxc4 dxc4
41. b5 Kd5 42. Ra7 e5 43. Kc3 exd4+ 44. exd4 g4 45. Rd7+ Ke6 46. Rh7 Rg8 47.
fxg4 fxg4 48. Rxh4 gxh3 49. gxh3 Rg3+ 50. Kxc4 Kd7 51. Kd5 Rb3 52. Rh7+ Kc8 53.
Kc6 Kb8 54. Kxb6 Kc8 55. d5 Rxb2 56. d6 Rd2 57. d7+ Kd8 58. h4 Rd6+ 59. Kc5
Rc6+ 60. bxc6 1-0

[Event "62. BEM 2008"]
[Site "Dortmund"]
[Date "2008.02.19"]
[Round "2.6"]
[White "Clausen, Dirk"]
[Black "Gitschel, Ralf"]
[Result "0-1"]
[WhiteElo "1597"]
[BlackElo "1914"]
[PlyCount "76"]
[EventDate "2008.??.??"]
[Source "SG Dortmund"]
[SourceDate "2004.12.16"]

1. Nf3 Nf6 2. c4 e6 3. Nc3 b6 4. e4 Bb4 5. e5 Bxc3 6. dxc3 Ne4 7. Bd3 Nc5 8.
Bg5 f6 9. exf6 gxf6 10. Bh4 Nc6 11. Bc2 d6 12. b4 Nd7 13. Nd4 Nxd4 14. Qh5+ Kf8
15. Qh6+ Kg8 16. cxd4 Qf8 17. Qe3 Qf7 18. g4 Nf8 19. Qf3 Rb8 20. Bxf6 Bb7 21.
d5 exd5 22. Rg1 Nd7 23. g5 Ne5 24. Qf5 Re8 25. O-O-O Bc8 26. Qf4 dxc4 27. Rde1
c3 28. Kb1 Ng6 29. Qd4 Be6 30. Qxc3 h5 31. Bxh8 Nxh8 32. Rxe6 Qxe6 33. Qxc7 Re7
34. Qd8+ Kg7 35. f4 Qe3 36. Rd1 Nf7 37. g6 Nxd8 38. Rxd6 Qxf4 0-1

[Event "62. BEM 2008"]
[Site "Dortmund"]
[Date "2008.02.19"]
[Round "2.7"]
[White "Barskij, Aleksandr"]
[Black "Krüger, Georg"]
[Result "1-0"]
[WhiteElo "1874"]
[BlackElo "1672"]
[PlyCount "120"]
[EventDate "2008.??.??"]
[Source "SG Dortmund"]
[SourceDate "2004.12.16"]

1. e4 c5 2. Nf3 d6 3. d4 cxd4 4. Nxd4 Nf6 5. Nc3 a6 6. Bg5 e6 7. f4 Be7 8. Qf3
Qc7 9. O-O-O Bd7 10. e5 dxe5 11. fxe5 Nd5 12. Bxe7 Nxe7 13. Qg3 Ng6 14. Ne4
Qxe5 15. Nd6+ Kf8 16. Qa3 Qg5+ 17. Kb1 Qe7 18. Bc4 Ne5 19. Bb3 Nbc6 20. Nxc6
Bxc6 21. Rhe1 f6 22. c4 Bxg2 23. c5 Bf3 24. Rd2 Bg4 25. Re3 Bf5+ 26. Ka1 g6 27.
Qb4 Kg7 28. Qxb7 Qxb7 29. Nxb7 Rac8 30. Rd6 Rc7 31. Rb6 Nd7 32. Rb4 Nxc5 33.
Nxc5 Rxc5 34. Rb7+ Kh6 35. a4 e5 36. Rb6 Rc1+ 37. Ka2 Bb1+ 38. Ka3 f5 39. Rxe5
Bd3 40. a5 Rd8 41. Re7 Rd4 42. Bg8 Bc2 43. b3 Rd2 44. Rxh7+ Kg5 45. h4+ Kf4 46.
Rxa6 Rh2 47. Rxg6 Rch1 48. a6 Bd3 49. a7 Be4 50. Rb6 Ra1+ 51. Kb4 Rha2 52. h5
Ke3 53. h6 f4 54. Rg7 Rxa7 55. h7 Bxh7 56. Rxh7 Rxh7 57. Bxh7 f3 58. Re6+ Kd4
59. Rf6 Ke3 60. Bg6 Rh1 {
und Schwarz strich nacn einigen weiteren Zuegen die Segel ...} 1-0

[Event "62. BEM 2008"]
[Site "Dortmund"]
[Date "2008.02.19"]
[Round "2.8"]
[White "Schröder, Thomas"]
[Black "Büchle, Manfred"]
[Result "1/2-1/2"]
[WhiteElo "1569"]
[BlackElo "1858"]
[PlyCount "47"]
[EventDate "2008.??.??"]
[Source "SG Dortmund"]
[SourceDate "2004.12.16"]

1. f4 d5 2. Nf3 c5 3. e3 Nc6 4. b3 Nf6 5. Bb2 Bf5 6. Bb5 a6 7. Bxc6+ bxc6 8. d3
e6 9. Ne5 Qc7 10. Nd2 Nd7 11. e4 Bg6 12. O-O f6 13. Nxg6 hxg6 14. Qg4 Kf7 15.
Rae1 f5 16. exf5 gxf5 17. Qg3 d4 18. Nf3 Be7 19. Rxe6 Kxe6 20. Qg6+ Nf6 21.
Ng5+ Kd7 22. Qxf5+ Ke8 23. Qg6+ Kd7 24. Qf5+ 1/2-1/2

[Event "62. BEM 2008"]
[Site "Dortmund"]
[Date "2008.02.19"]
[Round "2.9"]
[White "Lauche, Christoph"]
[Black "Raskin, Vitali"]
[Result "0-1"]
[WhiteElo "1834"]
[BlackElo "1634"]
[PlyCount "129"]
[EventDate "2008.??.??"]
[Source "SG Dortmund"]
[SourceDate "2004.12.16"]

1. d4 d5 2. Nf3 Nf6 3. e3 e6 4. Bd3 c5 5. c3 Nc6 6. O-O Be7 7. Nbd2 Qc7 8. Re1
O-O 9. h3 e5 10. dxe5 Nxe5 11. Nxe5 Qxe5 12. e4 dxe4 13. Nxe4 Rd8 14. Nxf6+
Qxf6 15. Qe2 Be6 16. Be4 Rab8 17. Qf3 Qxf3 18. Bxf3 b5 19. Bf4 Bd6 20. Bg5 Rd7
21. Rad1 h6 22. Bc6 Rc7 23. Rxd6 hxg5 24. Bd5 Bxd5 25. Rxd5 f6 26. f3 a5 27.
Kf2 Kf7 28. Re4 b4 29. c4 a4 30. Ke3 Rh8 31. Rd6 Ra8 32. Ree6 a3 33. b3 Re8 34.
Rxe8 Kxe8 35. Ke4 Ke7 36. Kd5 Kf7 37. Rc6 Re7 38. Kxc5 Re2 39. Kxb4 Rxa2 40.
Ra6 Rxg2 41. Rxa3 Rg3 42. Ka4 Rxf3 43. c5 Rxh3 44. Kb5 Ke6 45. Ra6+ Ke5 46. b4
g4 47. Ra1 Rc3 48. Kb6 f5 49. c6 f4 50. Re1+ Kd6 51. Rd1+ Ke5 52. c7 f3 53.
Re1+ Kd4 54. Rd1+ Ke3 55. Rd6 f2 56. Re6+ Kd4 57. Rd6+ Ke5 58. Rd1 g3 59. Rd3
Rxc7 60. Rf3 Rc1 61. Rxg3 f1=Q 62. Rxg7 Qf6+ 63. Kb5 Qxg7 64. Ka4 Qb7 65. Ka3 {
Restliche Zuege nicht lesbar.} 0-1

[Event "62. BEM 2008"]
[Site "Dortmund"]
[Date "2008.02.19"]
[Round "2.10"]
[White "Hugenroth, Andreas"]
[Black "Hoppe, Dirk"]
[Result "0-1"]
[WhiteElo "1231"]
[BlackElo "1779"]
[PlyCount "42"]
[EventDate "2008.??.??"]
[Source "SG Dortmund"]
[SourceDate "2004.12.16"]

1. d4 d5 2. c4 e6 3. Nc3 Nf6 4. g3 c5 5. Bg2 cxd4 6. Qxd4 Nc6 7. Qd1 Bb4 8.
cxd5 Nxd5 9. Bxd5 exd5 10. Bd2 O-O 11. Nf3 Re8 12. O-O Bg4 13. Qb3 Bxc3 14.
Qxc3 Rxe2 15. Rfe1 d4 16. Bg5 dxc3 17. Bxd8 Rxe1+ 18. Nxe1 cxb2 19. Rb1 Rxd8
20. Rxb2 b6 21. f3 Be6 0-1

[Event "62. BEM 2008"]
[Site "Dortmund"]
[Date "2008.02.19"]
[Round "2.11"]
[White "Werner, Patrick"]
[Black "Stepke, Horst P"]
[Result "1-0"]
[WhiteElo "1692"]
[BlackElo "1608"]
[PlyCount "63"]
[EventDate "2008.??.??"]
[Source "SG Dortmund"]
[SourceDate "2004.12.16"]

1. e4 e5 2. Nf3 Nc6 3. Bb5 Bc5 4. O-O Nge7 5. c3 O-O 6. d4 exd4 7. cxd4 Bb4 8.
d5 a6 9. Ba4 Nb8 10. a3 Bc5 11. b4 Ba7 12. Bb2 d6 13. Qd3 Bg4 14. Qc3 f6 15.
Nbd2 Nd7 16. Nd4 Ne5 17. h3 Bxd4 18. Qxd4 Bd7 19. Bc2 Qe8 20. f4 N5g6 21. Rac1
c6 22. Nc4 cxd5 23. Nxd6 Qb8 24. e5 Bc6 25. Bb3 Qa7 26. Rc5 Rad8 27. Rxd5 Qxd4+
28. Rxd4+ Kh8 29. Nf7+ Rxf7 30. Rxd8+ Rf8 31. Rxf8+ Nxf8 32. exf6 1-0

[Event "62. BEM 2008"]
[Site "Dortmund"]
[Date "2008.02.19"]
[Round "2.12"]
[White "Fahle, Karl-Wilhelm"]
[Black "Grube, Jörg"]
[Result "0-1"]
[WhiteElo "1202"]
[BlackElo "1747"]
[PlyCount "88"]
[EventDate "2008.??.??"]
[Source "SG Dortmund"]
[SourceDate "2004.12.16"]

1. e4 d6 2. d4 g6 3. Nf3 Bg7 4. Be3 Nd7 5. Nc3 e6 6. Qd2 h6 7. O-O-O Ne7 8. Bc4
a6 9. Bb3 b5 10. Ne2 Bb7 11. d5 e5 12. Qa5 c5 13. Qxd8+ Rxd8 14. c3 f5 15. Bc2
fxe4 16. Bxe4 Nf6 17. Bc2 Bxd5 18. a4 O-O 19. a5 Ng4 20. Rhf1 Bc4 21. Bd3 Bxd3
22. Rxd3 e4 23. Bxc5 exd3 24. Bb6 dxe2 25. Re1 Rc8 26. Rxe2 Nd5 27. Bd4 b4 28.
Kd2 bxc3+ 29. bxc3 Nxc3 30. Bxg7 Kxg7 31. Re7+ Kf6 32. Ra7 Nb1+ 33. Kd3 Rfe8
34. Rxa6 Nxf2+ 35. Kd4 Re4+ 36. Kd5 Nc3+ 37. Kxd6 Re6+ 38. Kd7 Rxa6 39. Kxc8
Ra7 40. Nd4 Nfe4 41. Nc6 Nd6+ 42. Kb8 Rb7+ 43. Ka8 Nd5 44. Nb8 Nc7# 0-1